[Event "FIDE World Cup 2017"]
[Site "Tbilisi"]
[Date "2017.09.12"]
[Round "4.1"]
[White "Vachier-Lagrave, Maxime"]
[Black "Grischuk, Alexander"]
[Result "1/2-1/2"]
[WhiteElo "2804"]
[BlackElo "2788"]
[Annotator "TA"]
[PlyCount "112"]
[EventDate "2017.??.??"]
[EventType "k.o."]
[EventCountry "GEO"]
[SourceTitle "playchess.com"]
[Source "ChessBase"]
[SourceQuality "1"]

{[%evp 16,112,24,18,16,14,6,6,16,17,17,0,0,0,0,0,11,10,28,8,6,10,41,-10,0,0,0,-39,-20,-52,-53,-55,-7,-82,0,0,-13,-23,-18,-14,-9,-176,-69,-60,-57,-76,0,0,34,35,35,35,33,44,110,110,110,110,110,110,110,110,110,110,110,110,110,110,110,110,110,110,110,110,110,110,110,110,110,110,110,0,0,0,0,0,0,0,8,0,0,0,0,0,0,0,0,0,0]} 1. e4 e5 2. Nf3 Nc6 3. Bc4 Bc5 4. O-O Nf6 5. d3 d6 6. c3 a6 7. a4 h6 8. Re1 {C54: Giuoco Piano: 4 c3 Nf6, main lines with 5 d4 and 5 d3} O-O 9. h3 {LiveBook: 56 Games} a5 (9... Re8 10. Nbd2 Be6 11. Bxe6 Rxe6 12. b4 Ba7 13. Qc2 Qd7 14. Nf1 d5 15. Be3 Bxe3 16. Nxe3 {1-0 (41) Anand,V (2786)-So,W (2812) Leuven 2017}) 10. Nbd2 Be6 11. Bb5 $146 Na7 12. d4 Nxb5 13. dxc5 (13. axb5 $5 {[%cal Rd4c5]} exd4 14. Nxd4 $11) 13... Na7 14. b3 Re8 15. cxd6 Qxd6 16. Ba3 Qa6 17. b4 axb4 18. cxb4 b5 19. Bb2 (19. Nxe5 $14 bxa4 20. Bb2) 19... Nc6 $11 {[%cal Rb5a4]} 20. Nxe5 Nxb4 {[%cal Rb5a4]} 21. Re3 bxa4 22. Rg3 Red8 23. Qf3 {Intending Qxf6 and mate.} Kh7 24. Ndc4 $1 {[#]} Nc2 (24... Rab8 $1 $17 {Hoping for ...Nc2.} 25. Bc3 Rg8) 25. Rxg7+ Kxg7 {[#]} 26. Nc6 $1 {[%mdl 512]} Nd4 ({Don't blunder} 26... Qxc6 $2 27. Qxf6+ Kf8 28. Qh8+ Ke7 29. Bf6+ Kd7 30. Rd1+ Qd6 31. Rxd6+ (31. Nxd6 Rxh8 32. Nxf7+ Ke8 $17) 31... cxd6 32. Nb6+ Kc6 33. Bxd8 $18) 27. Nxd4 ({Not} 27. Bxd4 $2 Rxd4 28. Nxd4 Qxc4 $19) 27... Bxc4 28. e5 $2 {[#]} (28. Nf5+ $11 Kh7 29. Ne7) 28... Rg8 (28... Nh7 $1 $19 {[%cal Rh7g5]} 29. e6 f6) 29. Nf5+ $15 Kh7 $1 30. Ne7 $1 Rab8 ({Don't go for} 30... Rgb8 $2 31. Qf5+ Kg7 32. exf6+ Kf8 33. Qh7 $18) ({Better is} 30... Ne8 $17 {And now ...Rg7 would win.} 31. Nxg8 Kxg8 32. Qg4+ Kh8 33. e6+ f6) 31. exf6 $11 Qb7 (31... Qe6 {is more complex.} 32. Nxg8 Rxg8 33. Rxa4 Rg6 34. Kh2 Bd5) 32. Qxb7 Rxb7 33. Nxg8 Rxb2 34. Rxa4 Kxg8 (34... Rb1+ $14 35. Kh2 Be6) 35. Rxc4 $14 {[%mdl 4096] Endgame KR-KR} Rb6 36. Rxc7 Rxf6 37. Rc5 Kg7 38. g4 Rf3 39. Kg2 Ra3 40. f3 Ra2+ 41. Kg3 Ra3 42. h4 Rb3 43. h5 Ra3 44. Kf4 Ra4+ 45. Kf5 Ra3 46. f4 Rf3 47. Rc6 Rf1 48. g5 (48. Rc7 $16) 48... hxg5 $11 {The position is equal.} 49. h6+ Kh7 50. Kxg5 {Strongly threatening Rc7.} Rg1+ 51. Kf5 Rh1 52. Ke5 Rxh6 53. Rxh6+ Kxh6 54. Kf6 Kh5 55. Kxf7 {Threatening mate with Ke6.} Kg4 56. Ke6 {f5 would kill now.} Kxf4 {Precision: White = 75%, Black = 69%.} 1/2-1/2

[Event "FIDE World Cup 2017"]
[Site "Tbilisi"]
[Date "2017.09.12"]
[Round "4.1"]
[White "So, Wesley"]
[Black "Jobava, Baadur"]
[Result "1/2-1/2"]
[WhiteElo "2792"]
[BlackElo "2702"]
[Annotator "TA"]
[PlyCount "79"]
[EventDate "2017.??.??"]
[EventType "k.o."]
[EventCountry "GEO"]
[SourceTitle "playchess.com"]
[Source "ChessBase"]
[SourceQuality "1"]

{[%evp 20,79,11,18,12,-8,-3,-11,3,0,2,0,0,0,0,-28,-33,-30,-30,-33,-25,-25,-17,-17,-7,-8,-8,-6,-6,-6,-6,-6,-6,-6,-6,-6,-6,-6,-6,-3,0,-3,0,-27,0,0,0,-11,-11,-26,0,-8,0,0,0,0,0,0,0,0,0,-2]} 1. e4 e5 2. Nf3 Nf6 3. Nxe5 d6 4. Nf3 Nxe4 5. Nc3 Nxc3 6. dxc3 Be7 7. Be3 O-O 8. Qd2 {C42: Petroff Defence: 3 Nxe5 and unusual White 3rd moves} (8. Bd3 Nc6 9. Qe2 Bg4 10. h3 Bxf3 11. Qxf3 Ne5 12. Qxb7 Rb8 13. Qxa7 Rxb2 14. O-O Bf6 15. a4 Qc8 {½-½ (39) Anand,V (2783)-So,W (2810) Leon 2017}) 8... Nd7 9. O-O-O c6 10. Kb1 d5 11. h4 {LiveBook: 3 Games} Bc5 $146 ({Predecessor:} 11... Nf6 12. Ng5 Ne4 13. Qe1 Bf5 14. Bd3 Nd6 15. Be2 h6 {0-1 (34) Fedorchuk,S (2641)-Kuzubov,Y (2640) Lvov 2015}) 12. Bd3 Bxe3 13. Qxe3 Nf6 (13... Re8 $5 {[%cal Re8e3]} 14. Qd4 Nf6 $11) 14. Rde1 Qb6 15. Qxb6 axb6 16. Re7 Re8 17. Rhe1 (17. Rc7 {is more complex.} h6 18. a3 Ng4 19. Rf1 Nf6 20. Rh1) 17... Rxe7 18. Rxe7 Kf8 19. Re1 h6 20. a3 Ng4 21. Ne5 Nxf2 22. Rf1 Ng4 $1 {[%cal Rg4e5]} 23. Rxf7+ Ke8 24. Rf1 Nxe5 25. Re1 Bg4 26. Rxe5+ $11 {[%mdl 4096] Endgame KRB-KRB} Kd7 27. c4 Kd6 28. Re3 dxc4 29. Bxc4 Rf8 30. g3 Rf2 31. b4 g5 (31... b5 $5 {[%cal Rb5c4]} 32. Bd3 Be6 $15) 32. hxg5 hxg5 33. Kb2 b5 34. Bd3 Bf3 35. Kc3 {The position is equal.} g4 36. Bf5 Rg2 37. Kd4 Rd2+ 38. Kc3 Rg2 39. Kd4 Rd2+ 40. Kc3 {Precision: White = 74%, Black = 49%.} 1/2-1/2

[Event "FIDE World Cup 2017"]
[Site "Tbilisi"]
[Date "2017.09.12"]
[Round "4.1"]
[White "Svidler, Peter"]
[Black "Bu, Xiangzhi"]
[Result "1/2-1/2"]
[WhiteElo "2756"]
[BlackElo "2714"]
[Annotator "TA"]
[PlyCount "70"]
[EventDate "2017.??.??"]
[EventType "k.o."]
[EventCountry "GEO"]
[SourceTitle "playchess.com"]
[Source "ChessBase"]
[SourceQuality "1"]

{[%evp 17,70,16,14,0,0,0,2,2,21,0,0,-20,2,0,-7,-47,-27,-29,-17,-17,0,0,0,-15,-10,-10,-16,-20,-8,-24,0,0,11,0,5,-4,0,0,-7,-23,-3,-29,-29,-29,-29,-29,-29,-29,-29,-29,-26,-27,-26,-26,-26]} 1. e4 e5 2. Bc4 Nf6 3. d3 c6 4. Nf3 Be7 5. Bb3 d6 6. O-O O-O 7. Nbd2 {[%cal Bb1d2,Bd2c4,Bc4e3,Be3f5][%mdl 32] C24: Bishop's Opening: 2...Nf6} (7. Re1 Re8 8. c3 Bf8 9. Nbd2 Be6 10. Bc2 Nbd7 11. h3 h6 12. d4 Qc7 13. c4 exd4 14. Nxd4 Qb6 15. Nxe6 Rxe6 {0-1 (42) Hou,Y (2649)-Ivanchuk,V (2732) Shenzhen 2017}) 7... Nbd7 8. c3 Nc5 9. Bc2 Bg4 {LiveBook: 5 Games} 10. Nc4 $146 ({Find the theoretical novelty and annotate with similar games:} 10. h3 Bh5 11. Re1 Ne6 12. Nf1 Nd7 {½-½ (26) Kotainy,J (2400)-Schuh,D (2368) Germany 2016}) 10... Bh5 11. Ne3 d5 {[%cal Rd5e4]} 12. Nf5 Re8 {[%cal Rd5e4]} 13. Qe2 Bf8 14. h3 Qc7 15. Ng3 Bg6 16. Nh2 a5 17. Ng4 Qd6 18. Qf3 Nfd7 19. Ne3 Qf6 20. Nef5 Bxf5 21. Nxf5 g6 22. Qg3 Ne6 23. Ne3 h5 24. exd5 Nf4 {[#] White must now prevent ...Ne2+.} 25. Qf3 Nxd5 26. Nxd5 Qxf3 27. gxf3 {And now Nc7 would win.} cxd5 {[%cal Bc6d5,Bd5d4][%mdl 32]} 28. Ba4 Rad8 29. Be3 Re6 {Black has an edge.} 30. Rfe1 Nc5 31. Bb5 Rb6 32. a4 d4 33. Bd2 Nb3 34. Rad1 f6 35. Re4 Nxd2 {Precision: White = 53%, Black = 71%.} 1/2-1/2

[Event "FIDE World Cup 2017"]
[Site "Tbilisi"]
[Date "2017.09.12"]
[Round "4.1"]
[White "Ivanchuk, Vassily"]
[Black "Giri, Anish"]
[Result "1-0"]
[WhiteElo "2727"]
[BlackElo "2777"]
[Annotator "TA"]
[PlyCount "81"]
[EventDate "2017.??.??"]
[EventType "k.o."]
[EventCountry "GEO"]
[SourceTitle "playchess.com"]
[Source "ChessBase"]
[SourceQuality "1"]

{[%evp 15,81,19,16,0,94,56,55,49,56,57,74,0,52,47,74,8,26,14,35,-93,-97,-92,-81,-87,-86,-75,-42,-33,0,7,35,40,30,29,46,45,34,39,93,104,71,87,75,89,78,75,102,0,36,3,4,-89,0,3,208,197,302,300,281,256,300,315,303,289,508,479,1512,1437]} 1. e4 e5 2. Nf3 Nf6 3. d4 Nxe4 4. Bd3 d5 5. Nxe5 Nd7 6. Nxd7 Bxd7 7. O-O Bd6 8. Qh5 Qf6 {LiveBook: 24 Games. C43: Petroff Defence: 3 d4} 9. Be3 {[#] Threatens to win with f3.} (9. Nc3 {seems wilder.} Qxd4 10. Be3 Qe5 11. Qxe5+ Bxe5 12. Nxd5 Nf6 13. Rae1) (9. Nc3 Qxd4 10. Be3 Qe5 11. Qxe5+ Bxe5 12. Nxd5 Nf6 13. Bf4 Bxf4 14. Rfe1+ Kf8 15. Nxf4 g5 16. Ne2 {½-½ (59) Lu,S (2619)-Wang,Y (2718) China 2016}) 9... O-O-O $146 (9... Bf5 $11) ({Predecessor:} 9... Bf5 10. f3 g6 11. Qh6 Bf8 12. Qf4 Bd6 13. Qh6 Bf8 14. Qf4 {½-½ (14) Iordachescu,V (2564)-Landa,K (2570) Reggio Emilia 2006}) 10. Nc3 (10. Qxd5 {feels hotter.} Bf5 11. Qa5 Kb8 12. Nc3 b6 13. Qb5) 10... Nxc3 {White is slightly better.} 11. bxc3 {aiming for Bg5.} Qe6 12. Rfe1 f6 13. Bd2 ({Better is} 13. Rab1 $16) 13... Qg8 (13... Be8 $1 $11 14. Qf3 (14. Rxe6 Bxh5 15. g3 Bf7 $11) 14... Qf7) 14. Rab1 $14 Kb8 15. h3 ({White should play} 15. Ba6 $16 Bc6 {[#]} 16. Rxb7+ $3 {[%mdl 512]} Bxb7 17. Rb1) 15... b6 $11 16. Ba6 g5 17. Qf3 (17. c4 $1 $14 {keeps the upper hand.}) 17... g4 $17 18. hxg4 ({Don't blunder} 18. Qxf6 $2 gxh3 19. Bf1 Rf8 $19) 18... Bxg4 19. Qxf6 Rf8 20. Qh4 h5 21. Bg5 Rh7 22. Re3 Bc8 23. Bxc8 Kxc8 24. Rbe1 Qg6 25. Be7 Bxe7 26. Rxe7 Qxc2 (26... Kb7 $14) 27. Qg3 $16 {[%csl Ge7][%cal Rg3c7]} Rxe7 28. Rxe7 {[%csl Ge7][%cal Rg3c7][%mdl 4096] Endgame KQR-KQR} Qc1+ 29. Kh2 {[%csl Ge7][%cal Rg3c7]} Qf4 30. f3 $40 {[%mdl 128] White wants a kill.} a5 31. Re5 (31. Qxf4 $16 Rxf4 32. Re5) 31... Qf7 32. Qh3+ Kb7 33. Rxh5 (33. Qe6 $11 {keeps the balance.}) 33... a4 ({Black should try} 33... Qf4+ $17 34. Qg3 Qd2) 34. Rh7 Qf4+ $2 (34... Qe8 $1 $11 {and Black stays safe.}) 35. Qg3 $18 a3 (35... b5 $142 36. Qxf4 Rxf4) 36. Qxf4 Rxf4 37. Re7 Rf6 38. Re3 Rh6+ 39. Kg1 Ka6 $2 (39... Kc6 40. g4 Rh8) 40. f4 {[%cal Bf3f4,Bf4f5][%mdl 32]} c5 (40... Kb7 $142 41. Re2 Rf6) 41. f5 {Precision: White = 60%, Black = 38%.} 1-0

[Event "FIDE World Cup 2017"]
[Site "Tbilisi"]
[Date "2017.09.12"]
[Round "4.1"]
[White "Wang, Hao"]
[Black "Ding, Liren"]
[Result "1/2-1/2"]
[WhiteElo "2701"]
[BlackElo "2771"]
[Annotator "TA"]
[PlyCount "76"]
[EventDate "2017.??.??"]
[EventType "k.o."]
[EventCountry "GEO"]
[SourceTitle "playchess.com"]
[Source "ChessBase"]
[SourceQuality "1"]

{[%evp 29,76,23,23,22,23,35,20,29,23,25,35,3,0,0,0,-31,-26,-26,0,0,0,0,0,0,0,-5,-5,-5,-6,-6,-6,-7,0,0,0,0,0,0,0,0,0,0,0,0,0,0,0,0,0]} 1. d4 Nf6 2. c4 e6 3. Nf3 d5 4. Nc3 c6 5. e3 Nbd7 6. Bd3 dxc4 7. Bxc4 b5 8. Bd3 Bb7 9. a3 b4 10. axb4 Bxb4 11. O-O c5 12. Na2 {D47: Semi-Slav: Meran System} (12. Qe2 O-O 13. Rd1 a5 14. Ne5 Qc7 15. Nxd7 Nxd7 16. Qh5 f5 17. Qe2 cxd4 18. exd4 Rae8 19. Bb5 Re7 {0-1 (81) Kozul,Z (2627)-Shirov,A (2713) Sarajevo 2004}) 12... a5 13. Nxb4 axb4 14. Rxa8 Qxa8 15. Be2 O-O {LiveBook: 3 Games} 16. Bd2 Bd5 $146 ({Predecessor:} 16... Qa5 17. Qe1 Ne4 18. dxc5 Nxd2 19. Qxd2 Nxc5 {½-½ (38) Jacobs,R (2400)-Vasilev,V (2358) ICCF email 2013}) 17. dxc5 Rb8 18. Qa1 {[#] aiming for Qxa8.} Nxc5 19. Qxa8 Bxa8 20. Ne5 Nfe4 21. Be1 f6 22. f3 fxe5 23. fxe4 Bxe4 24. Bg3 {The position is equal.} Bd3 25. Bxe5 {And now Bxd3 would win.} Rc8 26. Rc1 Bxe2 27. Bd4 {[#]} e5 $1 28. Bxc5 $11 {[%mdl 4096] Endgame KRB-KRB} (28. Bxe5 Bg4) 28... Bd3 29. Kf2 Be4 30. g3 g5 31. Ke2 g4 32. Kd2 Rd8+ 33. Ke1 b3 34. Bb6 Rd6 35. Bc7 Rh6 36. Rc4 Bf3 37. Rb4 Rxh2 38. Rxb3 Re2+ {Precision: White = 81%, Black = 70%.} 1/2-1/2

[Event "FIDE World Cup 2017"]
[Site "Tbilisi"]
[Date "2017.09.12"]
[Round "4.1"]
[White "Rodshtein, Maxim"]
[Black "Fedoseev, Vladimir"]
[Result "0-1"]
[WhiteElo "2695"]
[BlackElo "2731"]
[Annotator "TA"]
[PlyCount "82"]
[EventDate "2017.??.??"]
[EventType "k.o."]
[EventCountry "GEO"]
[SourceTitle "playchess.com"]
[Source "ChessBase"]
[SourceQuality "1"]

{[%evp 14,82,12,16,14,0,0,0,-5,-6,8,0,0,0,0,14,19,12,7,9,15,5,12,20,22,0,0,0,0,7,4,0,55,75,69,59,118,68,105,55,70,0,1,0,0,0,0,0,27,0,0,0,0,-16,-8,-8,-6,-797,-775,-2117,-2068,-2105,-20,-2105,-2050,-2010,-2015,-1721,-1654,-1290,-1229]} 1. d4 Nf6 2. c4 e6 3. g3 d5 4. Bg2 Bb4+ 5. Nd2 O-O 6. Ngf3 b6 7. O-O Bb7 8. a3 Be7 {E16: Queen's Indian: 4 g3 Bb7 5 Bg2 Bb4+} 9. b4 (9. cxd5 exd5 10. b4 a5 11. b5 c6 12. bxc6 Nxc6 13. e3 b5 14. Ne5 Bd6 15. Bb2 a4 16. Qb1 Rb8 17. Bc3 Ba8 18. Nxc6 Bxc6 {½-½ (69) Wei,Y (2728)-Yu,Y (2749) Beijing 2017}) 9... c5 10. bxc5 bxc5 {The position is equal.} 11. Rb1 Qc8 12. Bb2 (12. Qb3 $5 {[%cal Rb3b7]} Ba6 13. Bb2 $11) 12... Nbd7 13. dxc5 Nxc5 14. Qc2 {[#]} Nfe4 $146 ({Predecessor:} 14... Nce4 15. Nxe4 Nxe4 {½-½ (25) Lputian,S (2590)-Yudasin,L (2625) Philadelphia 1994}) 15. Rfc1 f6 16. cxd5 Bxd5 17. Nd4 {[%cal Rd2e4]} f5 18. Nxe4 fxe4 19. Qc3 (19. Bc3 $5 {[%cal Rc3b4]}) 19... Rf7 $1 20. Qe3 Qd7 21. Ba1 Raf8 22. f4 {[%cal Bf2f4,Bf4e5][%mdl 32]} e5 ({Better is} 22... exf3 $11 23. Nxf3 Qd6) 23. fxe5 $14 Qg4 {Black wants to play ...Bg5.} 24. Rf1 h5 (24... Rxf1+ $14 25. Rxf1 Rxf1+ 26. Kxf1 Qh5) 25. h3 Qg6 26. Kh2 h4 {next ...Bg5 is good for Black.} 27. g4 (27. Rxf7 $14 Rxf7 28. g4) 27... Bg5 28. Qc3 Rxf1 29. Rxf1 Rxf1 $40 {[%mdl 128] Black has some attack.} 30. Bxf1 Qf7 31. Nf5 Ne6 32. Kg1 g6 33. Nd6 Qf4 34. Bg2 Bd8 35. Nc4 $2 {[%mdl 8192] [#]} (35. Qe1 $11) 35... e3 $1 $19 36. Bxd5 Qf2+ 37. Kh1 Qf1+ 38. Kh2 {[#]} Bg5 $1 {[%cal Rg5f4] Black is clearly winning.} 39. Bxe6+ Kg7 {[%cal Rg5f4]} 40. Qxe3 Bxe3 41. Nxe3 Qxa1 {Precision: White = 44%, Black = 59%.} 0-1

[Event "FIDE World Cup 2017"]
[Site "Tbilisi"]
[Date "2017.09.12"]
[Round "4.1"]
[White "Rapport, Richard"]
[Black "Najer, Evgeniy"]
[Result "1/2-1/2"]
[WhiteElo "2675"]
[BlackElo "2694"]
[Annotator "TA"]
[PlyCount "159"]
[EventDate "2017.??.??"]
[EventType "k.o."]
[EventCountry "GEO"]
[SourceTitle "playchess.com"]
[Source "ChessBase"]
[SourceQuality "1"]

{[%evp 23,159,10,12,16,7,-16,10,8,18,19,27,23,22,0,0,-24,-12,-66,0,0,0,0,0,-28,0,0,0,0,0,0,0,0,0,6,23,0,0,0,0,-15,-14,-5,-4,-24,-14,-20,-32,-36,-6,-10,0,-31,-19,-37,-7,-32,-18,-18,-17,-26,-31,-28,-26,-22,-18,-141,-141,-122,-47,-139,-73,-69,-65,-79,-44,-44,-44,-44,-44,-44,-45,-52,-43,-59,-29,-29,-29,-29,-29,-29,-29,-34,-18,-31,-11,-9,-14,-12,-12,-13,0,0,0,0,0,-8,-8,-8,-8,-8,-8,-8,-8,-8,-8,-8,-8,-8,-8,-8,-8,-8,0,-8,0,-8,-8,-8,-8,-8,-8,-8,-8,-8,-8,-8,-8,-8]} 1. d4 d5 2. c4 c6 3. cxd5 cxd5 4. Nc3 Nf6 5. Bf4 Nc6 6. e3 Bf5 7. Qb3 Na5 8. Qa4+ {D10: Slav Defence: 3 cxd5 (without early Nf3) and 3 Nc3} Bd7 9. Qc2 e6 (9... Rc8 10. Bd3 e6 11. Nf3 b5 12. a3 Be7 13. Qe2 a6 14. Ne5 O-O 15. O-O Qb6 16. a4 b4 17. Nb1 Ra8 18. Bg5 Be8 19. Nd2 h6 20. Bh4 {1-0 (57) Howell,D (2684)-Melkumyan,H (2613) Minsk 2017}) 10. Bd3 Be7 11. Nf3 Nc6 12. a3 Nh5 {LiveBook: 34 Games} 13. Be5 f6 14. Bf4 Nxf4 (14... g5 $5 {[%cal Rg5f4]} 15. Bg3 Kf7 $11) 15. exf4 g6 $146 ({Find the theoretical novelty and annotate with similar games:} 15... Qb6 16. Bxh7 Nxd4 {0-1 (26) Sagar,S (2433)-Soumya,S (2346) Pune 2016}) 16. O-O Kf7 17. Rfe1 Rc8 18. h4 f5 19. Qb3 (19. h5 $5) 19... Bf6 20. Nb5 (20. Ne5+ $11 Kg7 21. Qxb7) 20... Be8 (20... Kg7 $15 21. Ne5 Be7) 21. Rad1 a6 22. Nc3 b5 23. Re2 (23. g3 {with more complications.} Nxd4 24. Nxd4 Bxd4 25. Bxf5 Bxf2+ 26. Kxf2 gxf5 27. Ne2) 23... Nxd4 (23... Bd7 {seems wilder.} 24. Bb1 Kg7 25. g3 Qb6 26. Ba2 Rhe8) 24. Nxd4 Bxd4 {[#]} 25. Bxf5 $1 {[%mdl 512]} Bxf2+ (25... exf5 26. Rxd4) 26. Rxf2 gxf5 {[#]} 27. Nxd5 $1 {[%mdl 512]} Qxh4 (27... exd5 28. Rxd5) 28. Ne3 Qf6 29. Rd6 (29. g4 $5 {[%cal Re3f5]}) 29... Rc1+ 30. Rf1 {[%cal Bf2f1,Bf1d1,Bd1d6][%mdl 32]} Rc6 31. Rfd1 Rg8 32. Rxc6 Bxc6 33. Rd6 Rc8 $1 34. Qd1 (34. Qc2 $5 {[%cal Rd6c6]} Bb7 35. Qd1 $11) 34... Ke7 35. Qd2 a5 36. Rd3 h5 37. Rc3 Rd8 38. Qe1 Be4 39. Qe2 Qh4 40. Qxb5 {With the idea Qe5.} Qxf4 {Threatens to win with ...Bxg2!} 41. Qxa5 Rd7 42. Qc5+ $1 Qd6 43. Qxd6+ Rxd6 $11 {[%mdl 4096] Endgame KRB-KRN} 44. Nf1 (44. g3 $11) 44... Rd1 $17 {...Bd3 is the strong threat.} 45. Kf2 {[#]} f4 ({Black should play} 45... Bd3 $1 $17 46. Ne3 Rd2+ 47. Kg1 Be4) 46. Rh3 {[#]} (46. g3 $1 $15) 46... Bd3 ({Black should try} 46... Kf6 $1 {aiming for ...Bd3.} 47. Rxh5 Rb1 48. Rh6+ Ke5) 47. Nh2 Bg6 {White must now prevent ...Rd2+.} 48. Nf3 Rb1 (48... Kf6 {is interesting.} 49. Rh4 e5 50. g3 fxg3+ 51. Kxg3 Rd3) 49. Rh4 Rxb2+ 50. Kg1 Ra2 51. Rxf4 Rxa3 52. Kf2 Bf5 53. Nh4 Bg4 54. Ng6+ Kd6 55. Rd4+ Kc5 56. Rd2 Bf5 57. Ne5 Rb3 58. Nf3 Be4 59. Nd4 {The position is equal.} Rb6 60. Ke3 Bd5 61. Kf4 Rb1 62. Ke5 Kc4 63. g3 Rg1 64. Rc2+ Kd3 {[#]} 65. Rc3+ $1 {[%mdl 512]} Kxc3 66. Ne2+ Kd3 67. Nxg1 $11 {KB-KN} Ke3 {Hoping for ...Bg2.} 68. Nh3 Kf3 69. Nf4 Kg4 70. Ne2 Bc4 71. Nf4 Bb3 72. Ne2 Bc4 73. Nf4 Bd5 74. Ne2 Bb3 75. Nf4 Bc4 76. Ke4 Ba6 (76... Bd5+ $5 77. Ke5 Bb3 $15) 77. Nxe6 Kxg3 {And now ...h4 would win.} 78. Ng7 h4 79. Nf5+ Kg4 {[#]} 80. Nxh4 $1 {[%mdl 512] Precision: White = 59%, Black = 55%.} 1/2-1/2

[Event "FIDE World Cup 2017"]
[Site "Tbilisi"]
[Date "2017.09.12"]
[Round "4.1"]
[White "Dubov, Daniil"]
[Black "Aronian, Levon"]
[Result "1/2-1/2"]
[WhiteElo "2666"]
[BlackElo "2802"]
[Annotator "TA"]
[PlyCount "71"]
[EventDate "2017.??.??"]
[EventType "k.o."]
[EventCountry "GEO"]
[SourceTitle "playchess.com"]
[Source "ChessBase"]
[SourceQuality "1"]

{[%evp 19,71,8,26,21,14,12,6,7,22,0,0,0,16,0,17,0,17,7,10,0,0,-25,-21,-18,-20,-92,-12,0,0,0,0,-102,-90,-110,-100,-102,-96,-102,-92,-103,-105,-96,-52,-93,-87,-104,-102,-103,-114,-224,-17,-14,0,0]} 1. Nf3 d5 2. g3 Nf6 3. Bg2 e6 4. O-O Be7 5. c4 O-O 6. d4 dxc4 7. Qc2 a6 8. a4 Bd7 9. Bg5 {E05: Open Catalan: 5 Nf3 Be7} (9. Qxc4 Bc6 10. Bf4 Nbd7 11. Nc3 Bd6 12. a5 Bxf4 13. gxf4 Nd5 14. e3 Nxc3 15. Qxc3 Bxf3 16. Bxf3 c6 17. Kh1 Qe7 18. Rg1 g6 19. Rg5 {½-½ (80) Aronian,L (2793)-Kramnik,V (2808) Leuven 2017}) 9... Bc6 10. Rd1 a5 {LiveBook: 3 Games} 11. Na3 {White has an edge.} Na6 12. Nxc4 Nb4 13. Qc1 $146 ({Find the theoretical novelty and annotate with similar games:} 13. Qb3 Bd5 14. Nfe5 Bxg2 15. Kxg2 c6 16. Bxf6 Bxf6 {1-0 (37) Postny,E (2635)-Simonian,T (2425) Yerevan 2014}) 13... h6 14. Bxf6 Bxf6 15. Nfe5 Bd5 16. Qc3 b6 17. e4 Bb7 (17... Bxc4 $5 18. Nxc4 (18. Qxc4 Bxe5 19. dxe5 Qe7 $11) 18... Rc8 $11) 18. Ng4 Be7 19. Qb3 Qe8 20. d5 Bc5 21. d6 Qd8 {[%cal Rc7d6]} 22. e5 (22. Nge3 $11 {keeps the balance.}) 22... Bxg2 (22... Bd5 $17) 23. Kxg2 $11 h5 $36 {[%mdl 2048] Black has the initiative.} 24. Nge3 cxd6 25. Nxd6 {[#]} (25. exd6 $11 {remains equal.} Ra7 26. Rd2) 25... Bxe3 $1 $17 26. Qxe3 Nc2 27. Qf3 {Black must now prevent Rac1.} Nxa1 28. Qxh5 {Threatens to win with Ne4.} f6 {aiming for ...Nb3.} 29. Rxa1 fxe5 30. Qxe5 Qf6 31. Qe3 Rad8 ({Reject} 31... Qxb2 $6 32. Qxe6+ Kh8 33. Qh3+ Kg8 34. Qe6+ Kh8 35. Nf7+ Rxf7 36. Qxf7 $11) 32. Rd1 {[#]} Qe7 $1 33. Qxb6 Rb8 34. Qc6 (34. Qd4 $17 {was worth a try.}) 34... Qf6 $2 (34... Rxb2 $19 35. Ne4 Qf7) 35. Rd2 $1 $11 Rxb2 36. Ne8 {Precision: White = 21%, Black = 54%.} 1/2-1/2